Imagine Lyrics - Statistics

General Stats
  • This quiz has been taken 43,539 times
  • The average score is 15 of 21
Answer Stats
Lyrics % Correct
Imagine all the {people}
98%
It's easy if you {try}
92%
Above us only {sky}
90%
But I'm not the {only} {one}
90%
You may say I'm a {dreamer}
90%
Imagine there's no {Heaven}
87%
No {Hell} below us
82%
Living for {today}
80%
Living life in {peace}
78%
I hope someday you'll {join} {us}
77%
It isn't hard {to} {do}
77%
And no {religion} too
71%
And the world will {be} {as} {one}
66%
I wonder if {you} {can}
65%
And the world will {live} {as} {one}
61%
Imagine there's no {countries}
57%
A {brotherhood} of man
50%
Nothing to {kill} {or} {die} for
50%
Sharing all the {world}
50%
Imagine no {possessions}
40%
No need for {greed} {or} {hunger}
31%
No matching quizzes found
Score Distribution
Percent of People with Each Score
Percentile by Number Answered
Your Score History
You have not taken this quiz